000 00524nam a2200157 4500
008 0 1993 0x 000 0USA
020 _a0-471-58141-0
050 _aQA76 8 I25919 L39 1993
082 _a001.64 L142a
100 _aLawrence, Jill T.
245 _aAS/400 Architecture and aplication : The Database Machine / Jill T. Lawrence
260 _aUnited States of America : John Wiley & Sons
300 _axvi, 300 p. / 23 cm.
500 _aIncluye ap‚ndice índice
650 _a1.IBM AS/400 (COMPUTADORAS)
999 _c11905
_d11905